[Event "ITA-ch U16"]
[Site "Porretta Terme"]
[Date "2011.07.03"]
[Round "2"]
[White "Giampieri, Stefano"]
[Black "Altini, Nicola"]
[Result "0-1"]
[WhiteElo "1847"]
[BlackElo "2267"]
[PlyCount "62"]
[EventDate "2011.07.03"]
[EventType "swiss"]
[EventRounds "8"]
[EventCountry "ITA"]
[SourceTitle "EXT 2024"]
[Source "ChessBase"]
[SourceDate "2023.10.10"]
[SourceVersion "1"]
[SourceVersionDate "2023.10.10"]
[SourceQuality "1"]

1. d4 g6 2. c4 Bg7 3. Nc3 c5 4. d5 d6 5. e4 Nf6 6. Be2 0-0 7. Nf3 e5 8. Bg5 h6 9. Bh4 g5 10. Bg3 Nh5 11. 0-0 Nf4 12. Nd2 f5 13. exf5 Bxf5 14. Bg4 Bg6 15. Nde4 Qe7 16. Re1 Nd7 17. Bxf4 Rxf4 18. g3 Rff8 19. Be6+ Kh8 20. Bg4 Nf6 21. Nxf6 Qxf6 22. Qe2 a6 23. Na4 Qd8 24. Nc3 b5 25. cxb5 axb5 26. Qxb5 Qf6 27. Qe2 Rab8 28. Rac1 c4 29. Ne4 Bxe4 30. Qxe4 Qxf2+ 31. Kh1 Rxb2 0-1

[Event "Porto San Giorgio Weekend-B 13th"]
[Site "Porto San Giorgio"]
[Date "2010.11.27"]
[Round "5"]
[White "Giampieri, Stefano"]
[Black "Basso, Fabrizio"]
[Result "1-0"]
[WhiteElo "1849"]
[BlackElo "1730"]
[PlyCount "67"]
[EventDate "2010.11.20"]
[EventType "swiss"]
[EventRounds "6"]
[EventCountry "ITA"]
[SourceTitle "EXT 2024"]
[Source "ChessBase"]
[SourceDate "2023.10.10"]
[SourceVersion "1"]
[SourceVersionDate "2023.10.10"]
[SourceQuality "1"]

1. d4 Nf6 2. c4 e6 3. Nc3 Bb4 4. Nf3 b6 5. e3 Bb7 6. Bd3 0-0 7. 0-0 Bxc3 8. bxc3 d6 9. Re1 Nbd7 10. e4 e5 11. Bg5 Re8 12. Qc2 Qe7 13. Nh4 h6 14. Nf5 Qf8 15. Bd2 Nh7 16. d5 Nc5 17. Re3 Nxd3 18. Qxd3 Bc8 19. g4 g6 20. Rh3 gxf5 21. gxf5 Qe7 22. Bxh6 Kh8 23. Rg3 f6 24. Kh1 Ba6 25. Rag1 Rg8 26. Rg6 Rae8 27. Qg3 Rxg6 28. Qxg6 Ng5 29. Bxg5 fxg5 30. Rxg5 Qxg5 31. Qxg5 Rf8 32. Qh6+ Kg8 33. Qg6+ Kh8 34. f6 1-0

[Event "San Severino Marche 12th"]
[Site "San Severino Marche"]
[Date "2010.09.03"]
[Round "1"]
[White "Giampieri, Stefano"]
[Black "Spada, Angelo"]
[Result "0-1"]
[WhiteElo "1859"]
[BlackElo "2046"]
[PlyCount "94"]
[EventDate "2010.09.03"]
[EventType "swiss"]
[EventRounds "5"]
[EventCountry "ITA"]
[SourceTitle "EXT 2024"]
[Source "ChessBase"]
[SourceDate "2023.10.10"]
[SourceVersion "1"]
[SourceVersionDate "2023.10.10"]
[SourceQuality "1"]

1. d4 e6 2. c4 f5 3. Nc3 d5 4. Bf4 Nf6 5. Nf3 c6 6. e3 Be7 7. Bd3 0-0 8. Ne5 Ne4 9. h4 Nd7 10. h5 Bg5 11. Bxe4 Bxf4 12. exf4 fxe4 13. Qg4 Rf5 14. h6 Qf6 15. g3 Nxe5 16. fxe5 Qg6 17. Qxg6 hxg6 18. hxg7 Kxg7 19. c5 Bd7 20. Rh2 b6 21. Ke2 bxc5 22. Rah1 Rh5 23. Rxh5 gxh5 24. dxc5 Kg6 25. a3 Rf8 26. Ke3 Rf3+ 27. Ke2 Bc8 28. Rh2 Ba6+ 29. Kd2 Bd3 30. Nd1 d4 31. Rh4 Rf5 32. f4 Bc4 33. Rh1 Rf7 34. Kc1 Be2 35. Re1 Bf3 36. Nf2 Kf5 37. b4 Rg7 38. Rg1 h4 39. g4+ Kxf4 40. Nh3+ Kxe5 41. g5 e3 42. Kc2 Be4+ 43. Kd1 d3 44. Ke1 a5 45. b5 cxb5 46. g6 Bxg6 47. c6 Bh5 0-1